[Event "XLVI C.to Italiano a squadre Master"]
[Site "Condino ITA"]
[Date "2014.05.02"]
[Round "4"]
[White "Sibilio, Mario"]
[Black "Paltrinieri, Nicholas"]
[WhiteElo "2325"]
[BlackElo "2215"]
[Result "1/2-1/2"]
[PlyCount "99"]
[EventDate "2014.04.30"]

1. d4 e6 2. Nc3 d5 3. Nf3 f5 4. Bg5 Nf6 5. e3 Nbd7 6. Bd3 a6 7. Ne2 Bd6 8. c3
O-O 9. O-O Qe7 10. a4 b6 11. c4 Bb7 12. cxd5 Bxd5 13. Nf4 Bxf4 14. Bxf4 c5 15.
Ne5 Nxe5 16. Bxe5 Nd7 17. f4 Nxe5 18. dxe5 c4 19. Be2 Rfd8 20. Qc1 Qc5 21. Rd1
b5 22. Rd4 Qc6 23. Qd2 Re8 24. Kf2 bxa4 25. Bf3 Bxf3 26. gxf3 Rab8 27. Rc1 Rec8
28. Rcxc4 Qxc4 29. Rxc4 Rxc4 30. Qd7 Rc2+ 31. Kg3 Rcxb2 32. Qxe6+ Kh8 33. Qxa6
R2b4 34. e6 R4b6 35. Qa7 R6b7 36. Qxa4 Re7 37. e4 Rxe6 38. Qd7 Rg6+ 39. Kf2
fxe4 40. fxe4 Rf6 41. f5 Rbf8 42. Ke3 g6 43. Kf4 Rxf5+ 44. exf5 Rxf5+ 45. Ke4
h5 46. Qe7 Kg8 47. Qe8+ Kg7 48. Qe7+ Kg8 49. h3 Kh8 50. Qe8+ 1/2-1/2

[Event "XLVI C.to Italiano a squadre Master"]
[Site "Condino ITA"]
[Date "2014.05.02"]
[Round "4"]
[White "Stella, Andrea"]
[Black "Vocaturo, Daniele"]
[WhiteElo "2433"]
[BlackElo "2579"]
[Result "0-1"]
[PlyCount "78"]
[EventDate "2014.04.30"]

1. Nf3 Nf6 2. c4 g6 3. g3 Bg7 4. Bg2 O-O 5. O-O Nc6 6. d4 d6 7. Nc3 Bf5 8. d5
Na5 9. Nd2 c6 10. b4 Nxc4 11. Nxc4 Nxd5 12. Nxd5 Bxa1 13. Bh6 Bg7 14. Bxg7 Kxg7
15. Nde3 Be6 16. Na5 Qd7 17. a4 f6 18. Qd2 Rac8 19. Rc1 Bf7 20. Qd4 Ra8 21. Qh4
d5 22. Bh3 Qc7 23. Nb3 e5 24. Nc5 Qe7 25. b5 Rad8 26. Nxb7 Qxb7 27. Rxc6 Qe7
28. Ng4 Be8 29. Ra6 Rd6 30. Qh6+ Kg8 31. Rxd6 Qxd6 32. Qe3 h5 33. Nh6+ Kg7 34.
Qxa7+ Kxh6 35. b6 Bc6 36. a5 d4 37. a6 Qd5 38. f3 d3 39. b7 d2 0-1

[Event "XLVI C.to Italiano a squadre Master"]
[Site "Condino ITA"]
[Date "2014.05.02"]
[Round "4"]
[White "Stromboli, Carlo"]
[Black "Rombaldoni, Axel"]
[WhiteElo "2332"]
[BlackElo "2513"]
[Result "0-1"]
[PlyCount "60"]
[EventDate "2014.04.30"]

1. c4 e5 2. g3 h5 3. h4 Bc5 4. d3 Nf6 5. Nc3 Ng4 6. Ne4 d6 7. Bg2 Bb6 8. Nh3
Bf5 9. Qb3 Nc6 10. e3 Qd7 11. Bd2 O-O-O 12. O-O-O f6 13. a3 d5 14. cxd5 Qxd5
15. Qxd5 Rxd5 16. Kc2 Rhd8 17. Bc1 a5 18. Rhe1 a4 19. f3 Bxe4 20. fxe4 Rc5+ 21.
Kb1 Rxc1+ 22. Rxc1 Bxe3 23. Rcd1 Nd4 24. Rg1 g6 25. Bf3 Nh2 26. Rge1 Bd2 27.
Re2 Nhxf3 28. Rdxd2 Nxe2 29. Rxe2 Rxd3 30. Kc2 Rb3 0-1

[Event "XLVI C.to Italiano a squadre Master"]
[Site "Condino ITA"]
[Date "2014.05.02"]
[Round "4"]
[White "Tassi, Oliviero"]
[Black "Pulito, Alberto"]
[WhiteElo "2299"]
[BlackElo "2300"]
[Result "1-0"]
[PlyCount "67"]
[EventDate "2014.04.30"]

1. Nf3 d6 2. d4 f5 3. Nc3 Nf6 4. Qd3 d5 5. Ne5 e6 6. Bg5 Be7 7. Bxf6 Bxf6 8. f4
O-O 9. O-O-O b6 10. Qh3 c5 11. e3 Ba6 12. Kb1 Bxf1 13. Rhxf1 Qe8 14. g4 fxg4
15. Qxg4 Nc6 16. Nb5 Bxe5 17. dxe5 Qe7 18. Nd6 Kh8 19. Rf3 Rad8 20. Rh3 Rxd6
21. exd6 Qf7 22. Rg1 Rd8 23. Rhg3 Rd7 24. Qh4 Qf8 25. Qh5 Nd8 26. a3 Rf7 27.
Qe5 Rd7 28. h4 h6 29. Rg6 Kh7 30. h5 b5 31. e4 d4 32. f5 exf5 33. exf5 Rf7 34.
Qxc5 1-0

[Event "XLVI C.to Italiano a squadre Master"]
[Site "Condino ITA"]
[Date "2014.05.02"]
[Round "5"]
[White "Antoniewski, Rafal"]
[Black "Palac, Mladen"]
[WhiteElo "2540"]
[BlackElo "2569"]
[Result "1/2-1/2"]
[PlyCount "27"]
[EventDate "2014.04.30"]

1. e4 c5 2. Nf3 d6 3. Bb5+ Bd7 4. Bxd7+ Qxd7 5. O-O Nf6 6. Re1 Nc6 7. c3 e6 8.
d4 cxd4 9. cxd4 d5 10. e5 Ne4 11. Nbd2 Nxd2 12. Bxd2 Be7 13. Rc1 O-O 14. Bg5
1/2-1/2

[Event "XLVI C.to Italiano a squadre Master"]
[Site "Condino ITA"]
[Date "2014.05.02"]
[Round "5"]
[White "Brunello, Sabino"]
[Black "Vachier-Lagrave, Maxime"]
[WhiteElo "2575"]
[BlackElo "2758"]
[Result "1/2-1/2"]
[PlyCount "36"]
[EventDate "2014.04.30"]

1. d4 Nf6 2. c4 g6 3. Nc3 d5 4. cxd5 Nxd5 5. e4 Nxc3 6. bxc3 Bg7 7. Nf3 c5 8.
Be3 Qa5 9. Qd2 O-O 10. Rc1 Nd7 11. Bd3 e5 12. dxe5 Nxe5 13. Nxe5 Bxe5 14. Bc4
Rd8 15. Bd5 Be6 16. c4 Qxd2+ 17. Kxd2 Bxd5 18. exd5 b5 1/2-1/2

[Event "XLVI C.to Italiano a squadre Master"]
[Site "Condino ITA"]
[Date "2014.05.02"]
[Round "5"]
[White "Caruana, Fabiano"]
[Black "Erdos, Viktor"]
[WhiteElo "2783"]
[BlackElo "2651"]
[Result "1-0"]
[PlyCount "81"]
[EventDate "2014.04.30"]

1. e4 e5 2. Nf3 Nc6 3. Bb5 a6 4. Ba4 Nf6 5. O-O Nxe4 6. d4 Be7 7. Qe2 b5 8. Bb3
d5 9. dxe5 Na5 10. Rd1 c6 11. Nbd2 Nc5 12. c3 Naxb3 13. Nxb3 Nxb3 14. axb3 Bg4
15. h3 Bh5 16. g4 Bg6 17. Nd4 Qc8 18. b4 O-O 19. Bf4 Re8 20. Qf3 Be4 21. Qg3 g5
22. Be3 f6 23. Re1 Qc7 24. Ne6 Qd7 25. Nc5 Bxc5 26. Bxc5 fxe5 27. f3 Bg6 28.
Rxe5 h6 29. Bd4 Kh7 30. Rxe8 Qxe8 31. Qc7+ Qf7 32. Qxc6 Qxf3 33. Qb7+ Bf7 34.
Qxa8 Qg3+ 35. Kf1 Qxh3+ 36. Ke1 Qh1+ 37. Kd2 Qg2+ 38. Kc1 Qf1+ 39. Kc2 Bg6+ 40.
Kb3 Qxa1 41. Qh8# 1-0

[Event "XLVI C.to Italiano a squadre Master"]
[Site "Condino ITA"]
[Date "2014.05.02"]
[Round "5"]
[White "Collutiis, Duilio"]
[Black "Ladron De Guevara Pinto, Paolo"]
[WhiteElo "2462"]
[BlackElo "2325"]
[Result "1-0"]
[PlyCount "71"]
[EventDate "2014.04.30"]

1. e4 e6 2. d4 d5 3. Nd2 Nf6 4. e5 Nfd7 5. c3 c5 6. f4 Nc6 7. Ndf3 Be7 8. Bd3
Qb6 9. Ne2 cxd4 10. cxd4 Bb4+ 11. Bd2 Bxd2+ 12. Qxd2 Qb4 13. Rc1 Qxd2+ 14. Kxd2
Nb6 15. b3 Bd7 16. g4 h5 17. h3 hxg4 18. hxg4 Ke7 19. f5 Rag8 20. Nf4 Rxh1 21.
Rxh1 Be8 22. Rh7 Nd7 23. g5 exf5 24. Nxd5+ Kd8 25. Bxf5 Ne7 26. Nxe7 Kxe7 27.
d5 Nc5 28. Nd4 Bd7 29. Ke3 a5 30. Bxd7 Nxd7 31. Nf5+ Kf8 32. Kd4 b6 33. a3 Nc5
34. b4 axb4 35. axb4 Nd7 36. d6 1-0

[Event "XLVI C.to Italiano a squadre Master"]
[Site "Condino ITA"]
[Date "2014.05.02"]
[Round "5"]
[White "De Filomeno, Simone"]
[Black "Valsecchi, Alessio"]
[WhiteElo "2430"]
[BlackElo "2407"]
[Result "1-0"]
[PlyCount "99"]
[EventDate "2014.04.30"]

1. c4 e5 2. Nc3 Nf6 3. g3 Nc6 4. Bg2 Bc5 5. d3 d6 6. Nf3 h6 7. O-O O-O 8. Na4
Bb6 9. Nxb6 axb6 10. b3 Re8 11. Bb2 Bg4 12. h3 Bd7 13. e4 Nh7 14. d4 Ng5 15.
Nxg5 hxg5 16. d5 Ne7 17. Qh5 b5 18. Qxg5 bxc4 19. bxc4 c5 20. f4 Ng6 21. Qxd8
Rexd8 22. fxe5 dxe5 23. Rfb1 Ra6 24. Bc3 Rb8 25. Rb2 b6 26. h4 f6 27. a4 Rba8
28. a5 bxa5 29. Rb7 Nf8 30. Rc7 a4 31. Rxc5 a3 32. Ra2 Ra4 33. Rc7 Rb8 34. c5
Bb5 35. c6 Bc4 36. Ra1 Rb3 37. d6 Be6 38. d7 Ra8 39. Ba5 Rab8 40. Ra7 a2 41.
Kh2 Rb1 42. c7 R8b2 43. c8=Q Bxd7 44. Qc4+ Be6 45. Qc7 Nd7 46. Bc3 Rc2 47. Qd6
Rb6 48. Qd3 Rf2 49. Rxd7 Bxd7 50. Qxd7 1-0

[Event "XLVI C.to Italiano a squadre Master"]
[Site "Condino ITA"]
[Date "2014.05.02"]
[Round "5"]
[White "Esposito, Luca"]
[Black "Cappai, Davide"]
[WhiteElo "2214"]
[BlackElo "2237"]
[Result "0-1"]
[PlyCount "117"]
[EventDate "2014.04.30"]

1. d4 d5 2. c4 e6 3. Nf3 c6 4. e3 Nf6 5. b3 Bb4+ 6. Nbd2 Nbd7 7. Bd3 a5 8. Bb2
O-O 9. O-O b6 10. a3 Bd6 11. Ne5 Bb7 12. f4 c5 13. Qf3 cxd4 14. exd4 dxc4 15.
Qxb7 cxd3 16. Nxd3 Nd5 17. Nc4 Qc7 18. Qxc7 Bxc7 19. g3 g6 20. a4 Rfd8 21. Rfc1
Rac8 22. Nde5 Bb8 23. Na3 Bxe5 24. dxe5 Nc5 25. Nb5 Nxb3 26. Rxc8 Rxc8 27. Ra3
Nd2 28. Rd3 Rc2 29. Bd4 Nc4 30. Nc3 Nb4 31. Rd1 h5 32. Ne4 Kg7 33. Nf6 Nd2 34.
Bxb6 Nf3+ 35. Kf1 Nxh2+ 36. Kg1 Nf3+ 37. Kf1 Nh2+ 38. Kg1 Nf3+ 39. Kf1 g5 40.
Nxh5+ Kg6 41. Nf6 Nh2+ 42. Kg1 Nf3+ 43. Kf1 gxf4 44. gxf4 Nh2+ 45. Kg1 Nf3+ 46.
Kf1 Nd2+ 47. Ke2 Nc4+ 48. Kf3 Kf5 49. Ne4 Nd5 50. Ng3+ Kg6 51. Ne4 Kf5 52. Ng3+
Kg6 53. Ne4 Ncxb6 54. Rg1+ Kh6 55. Nd6 Rc7 56. Rh1+ Kg6 57. Rg1+ Kh7 58. Rh1+
Kg8 59. Rg1+ 0-1

[Event "XLVI C.to Italiano a squadre Master"]
[Site "Condino ITA"]
[Date "2014.05.02"]
[Round "5"]
[White "Ferro, Mario"]
[Black "Sibilio, Mario"]
[WhiteElo "2234"]
[BlackElo "2325"]
[Result "1/2-1/2"]
[PlyCount "87"]
[EventDate "2014.04.30"]

1. d4 d5 2. Nf3 Nc6 3. c4 e5 4. e3 exd4 5. exd4 Bb4+ 6. Nc3 Nf6 7. a3 Be7 8.
Ne5 dxc4 9. Nxc6 bxc6 10. Bxc4 O-O 11. h3 Nd5 12. O-O Bf6 13. Qd3 Rb8 14. Rd1
a5 15. Qf3 Be6 16. Ne4 Re8 17. b3 Nb6 18. Nxf6+ Qxf6 19. Qxf6 gxf6 20. Bxe6
fxe6 21. Bd2 Nd5 22. Rab1 Rb6 23. Rdc1 Reb8 24. Bxa5 Rxb3 25. Rxb3 Rxb3 26.
Rxc6 Rxa3 27. Bxc7 Rc3 28. Rxc3 Nxc3 29. Kf1 h5 30. Ke1 Kf7 31. Kd2 Nd5 32. Bd6
Kg6 33. Kd3 f5 34. Be5 Kf7 35. Kc4 Ke7 36. Kd3 Kf7 37. Ke2 Nc3+ 38. Ke3 Nd5+
39. Kf3 Kg6 40. Kg3 Kg5 41. Bf4+ Kg6 42. Be5 Kg5 43. Bf4+ Kg6 44. Be5 1/2-1/2

[Event "XLVI C.to Italiano a squadre Master"]
[Site "Condino ITA"]
[Date "2014.05.02"]
[Round "5"]
[White "Gajewski, Grzegorz"]
[Black "Manca, Federico"]
[WhiteElo "2631"]
[BlackElo "2416"]
[Result "1-0"]
[PlyCount "89"]
[EventDate "2014.04.30"]

1. d4 Nf6 2. c4 c5 3. d5 e5 4. Nc3 d6 5. e4 Be7 6. g3 O-O 7. Bg2 Nbd7 8. Nf3 a6
9. a4 Ne8 10. O-O g6 11. Bh6 Ng7 12. Ne1 Bg5 13. Bxg5 Qxg5 14. f4 Qe7 15. f5
Qg5 16. Nf3 Qe3+ 17. Kh1 gxf5 18. Nh4 Nf6 19. exf5 Bd7 20. Ra3 Qd4 21. Qc1 e4
22. Qf4 Rfe8 23. Qxd6 Ngh5 24. Rd1 Qf2 25. Ra2 e3 26. Rf1 Qc2 27. Bf3 e2 28.
Re1 Bxf5 29. Qxc5 Ng4 30. Bxg4 Bxg4 31. Qd4 f5 32. Kg2 f4 33. gxf4 Rf8 34. b4
Qb3 35. f5 Nf6 36. Nf3 Qxb4 37. Raxe2 Rac8 38. Ne4 Nxe4 39. Rxe4 Bxf3+ 40. Kxf3
Rxf5+ 41. Kg2 h5 42. d6 Rcf8 43. d7 Rg5+ 44. Kh1 Qa5 45. Re8 1-0

[Event "XLVI C.to Italiano a squadre Master"]
[Site "Condino ITA"]
[Date "2014.05.02"]
[Round "5"]
[White "Garcia Palermo, Carlos Horacio"]
[Black "Codenotti, Marco"]
[WhiteElo "2455"]
[BlackElo "2362"]
[Result "1/2-1/2"]
[PlyCount "125"]
[EventDate "2014.04.30"]

1. d4 Nf6 2. Bg5 Ne4 3. Bf4 c5 4. f3 Qa5+ 5. c3 Nf6 6. Nd2 cxd4 7. Nb3 Qb6 8.
cxd4 d5 9. e3 e6 10. Ne2 Be7 11. g4 Bd7 12. Nc3 O-O 13. Kf2 Nc6 14. Na4 Qd8 15.
Nac5 b6 16. Nxd7 Qxd7 17. Rc1 a6 18. Bd3 Rfc8 19. a3 Bd6 20. Bg3 g6 21. Qe2 b5
22. Bh4 Be7 23. g5 Ne8 24. f4 h6 25. Qg4 h5 26. Qf3 Ng7 27. Kg2 b4 28. Nc5 Bxc5
29. Rxc5 bxa3 30. bxa3 Ne7 31. Rhc1 Ngf5 32. Bf2 Nd6 33. e4 dxe4 34. Bxe4 Nxe4
35. Qxe4 Nd5 36. Qe5 Rd8 37. Rb1 Rac8 38. Rb3 Qa4 39. Rf3 Qd7 40. Rb3 Rc7 41.
Rxc7 Nxc7 42. d5 Qxd5+ 43. Qxd5 Nxd5 44. Kf3 Rc8 45. Bd4 Kf8 46. Be5 Rc6 47.
Rb8+ Ke7 48. Rb7+ Ke8 49. Rb8+ Kd7 50. Rb7+ Nc7 51. Ra7 Kc8 52. Bxc7 Rxc7 53.
Rxa6 Rc3+ 54. Ke4 Kb7 55. Ra4 Rc5 56. h4 Kb6 57. Rb4+ Ka6 58. a4 Ra5 59. Rd4
Rc5 60. Rd7 Rf5 61. Re7 Kb6 62. Ke3 Ka6 63. Ke4 1/2-1/2

[Event "XLVI C.to Italiano a squadre Master"]
[Site "Condino ITA"]
[Date "2014.05.02"]
[Round "5"]
[White "Georgiev, Vladimir"]
[Black "Salgado Lopez, Ivan"]
[WhiteElo "2553"]
[BlackElo "2612"]
[Result "0-1"]
[PlyCount "104"]
[EventDate "2014.04.30"]

1. Nf3 c5 2. c4 Nf6 3. Nc3 d5 4. cxd5 Nxd5 5. e4 Nb4 6. a3 Nd3+ 7. Bxd3 Qxd3 8.
Qe2 Qxe2+ 9. Kxe2 Nc6 10. d4 Bg4 11. dxc5 Nd4+ 12. Kd3 Nb3 13. Rb1 Nxc5+ 14.
Ke2 Be6 15. b4 Bc4+ 16. Ke3 Nd7 17. Nd2 Nb6 18. Nxc4 Nxc4+ 19. Ke2 Rc8 20. Rb3
e6 21. Bf4 Bd6 22. Bxd6 Nxd6 23. Rd1 Ke7 24. e5 Nc4 25. Nb5 Nxe5 26. Nxa7 Rc2+
27. Rd2 Rxd2+ 28. Kxd2 Nc4+ 29. Ke2 Nd6 30. b5 Ra8 31. b6 Nc8 32. Nxc8+ Rxc8
33. a4 Rc5 34. a5 Rxa5 35. Rc3 Rd5 36. Rc7+ Rd7 37. Rc8 e5 38. g4 Ke6 39. Rb8
Kd5 40. Rc8 g5 41. Rc7 Ke6 42. Rc3 Rd6 43. Rb3 Rd4 44. h3 Kf6 45. Rb5 Ke6 46.
Rb3 h6 47. Rb1 Kd5 48. Rb5+ Kd6 49. Rb3 Kc5 50. Rf3 Re4+ 51. Kf1 Rf4 52. Rb3
Rf6 0-1

[Event "XLVI C.to Italiano a squadre Master"]
[Site "Condino ITA"]
[Date "2014.05.02"]
[Round "5"]
[White "Horvath, Csaba"]
[Black "Iordachescu, Viorel"]
[WhiteElo "2557"]
[BlackElo "2601"]
[Result "1/2-1/2"]
[PlyCount "58"]
[EventDate "2014.04.30"]

1. d4 Nf6 2. c4 e6 3. Nf3 b6 4. g3 Ba6 5. Qa4 Bb7 6. Bg2 c5 7. dxc5 Bxc5 8. O-O
O-O 9. Nc3 Ne4 10. Qc2 Nxc3 11. Qxc3 Be4 12. b3 Nc6 13. Bb2 f6 14. Ne1 d5 15.
cxd5 Qxd5 16. Bxe4 Qxe4 17. Qf3 Qxf3 18. Nxf3 Rfd8 19. Rfd1 a5 20. Ne1 e5 21.
Nd3 Be7 22. f3 Nb4 23. Kf2 Kf7 24. a4 Ke6 25. Rac1 Rac8 26. Rxc8 Rxc8 27. Nxb4
Bxb4 28. Rc1 Bc5+ 29. e3 Rd8 1/2-1/2

[Event "XLVI C.to Italiano a squadre Master"]
[Site "Condino ITA"]
[Date "2014.05.02"]
[Round "5"]
[White "Lenic, Luka"]
[Black "Horvath, Jozsef"]
[WhiteElo "2655"]
[BlackElo "2505"]
[Result "1-0"]
[PlyCount "125"]
[EventDate "2014.04.30"]

1. d4 e6 2. c4 f5 3. g3 Nf6 4. Bg2 Be7 5. Nf3 O-O 6. O-O d6 7. Nc3 Ne4 8. Qc2
Nxc3 9. Qxc3 a5 10. Rd1 Bf6 11. Qc2 Qe7 12. e4 fxe4 13. Qxe4 Nc6 14. Bf4 e5 15.
dxe5 dxe5 16. Be3 Be6 17. g4 g6 18. h3 Rad8 19. Rac1 Rxd1+ 20. Rxd1 Rd8 21.
Rxd8+ Qxd8 22. Nd2 Bf7 23. a3 Kg7 24. Kh1 Bg5 25. b4 axb4 26. axb4 Nxb4 27.
Qxe5+ Bf6 28. Qa5 Nc2 29. g5 Bd4 30. Bxb7 Nxe3 31. fxe3 Bb2 32. Bd5 Qd7 33. Kg2
c6 34. Bxf7 Kxf7 35. Nf3 Bg7 36. Qc5 Kg8 37. Nd4 Bxd4 38. Qxd4 Qf5 39. h4 Qc2+
40. Kg3 Qe2 41. Kf4 Qh2+ 42. Kf3 c5 43. Qd5+ Kg7 44. Qxc5 Qh3+ 45. Ke2 Qg2+ 46.
Kd3 Qf1+ 47. Kc2 Qe2+ 48. Kb3 Qd1+ 49. Kb4 Qb1+ 50. Ka5 Kf7 51. Ka6 Qa2+ 52.
Kb6 Qb2+ 53. Kc6 Ke8 54. Qd4 Qg2+ 55. Qd5 Qc2 56. Qg8+ Ke7 57. Qxh7+ Ke8 58.
Qh8+ Ke7 59. Qe5+ Kd8 60. Qd4+ Ke8 61. c5 Qb1 62. Qd7+ Kf8 63. Qc8+ 1-0

[Event "XLVI C.to Italiano a squadre Master"]
[Site "Condino ITA"]
[Date "2014.05.02"]
[Round "5"]
[White "Mazzilli, Piero"]
[Black "Bruno, Fabio"]
[WhiteElo "2362"]
[BlackElo "2413"]
[Result "1/2-1/2"]
[PlyCount "33"]
[EventDate "2014.04.30"]

1. e4 c5 2. Nf3 e6 3. d3 Nc6 4. g3 d5 5. Nbd2 Bd6 6. Bg2 Nge7 7. O-O O-O 8. Nh4
b6 9. f4 dxe4 10. Nxe4 f5 11. Ng5 h6 12. Ngf3 Bd7 13. Qe2 Qc7 14. b3 Rac8 15.
Bb2 b5 16. Kh1 a6 17. Rae1 1/2-1/2

[Event "XLVI C.to Italiano a squadre Master"]
[Site "Condino ITA"]
[Date "2014.05.02"]
[Round "5"]
[White "Messa, Roberto"]
[Black "Napoli, Nicolo'"]
[WhiteElo "2292"]
[BlackElo "2241"]
[Result "0-1"]
[PlyCount "56"]
[EventDate "2014.04.30"]

1. e4 g6 2. d4 Bg7 3. Nc3 c6 4. Nf3 d5 5. e5 Bg4 6. h3 Bxf3 7. Qxf3 f6 8. exf6
Nxf6 9. Bg5 O-O 10. Qe3 Rf7 11. O-O-O b5 12. Bd3 Nbd7 13. f4 b4 14. Ne2 Qa5 15.
Kb1 Nb6 16. Qe6 c5 17. f5 gxf5 18. Bxf5 Qb5 19. Rd3 Raf8 20. dxc5 Qxc5 21. Nd4
Ne4 22. Be3 Nd6 23. Bg4 Kh8 24. Nf3 d4 25. Bxd4 Bxd4 26. Nxd4 Ndc4 27. Re1 Na4
28. Rf3 Qxd4 0-1

[Event "XLVI C.to Italiano a squadre Master"]
[Site "Condino ITA"]
[Date "2014.05.02"]
[Round "5"]
[White "Micheli, Carlo"]
[Black "Lucaroni, Massimiliano"]
[WhiteElo "2289"]
[BlackElo "2267"]
[Result "1-0"]
[PlyCount "93"]
[EventDate "2014.04.30"]

1. c4 e5 2. g3 Nf6 3. Bg2 c6 4. d3 d5 5. Nd2 Bc5 6. e3 O-O 7. Ngf3 Re8 8. cxd5
cxd5 9. O-O Bb6 10. b4 e4 11. dxe4 dxe4 12. Ng5 Bf5 13. Qb3 Qe7 14. Bb2 Nbd7
15. Nc4 Bc7 16. Rac1 h6 17. Nh3 Ne5 18. Nf4 Bg4 19. Nxe5 Bxe5 20. Ng6 Qd6 21.
Nxe5 Rxe5 22. Bxe5 Qxe5 23. Rc5 Qd6 24. h3 Be6 25. Qb2 b6 26. Rc2 Rd8 27. Rfc1
Qd5 28. Qc3 Qh5 29. g4 Qd5 30. Qc6 Qg5 31. Qc7 Re8 32. Rd2 h5 33. gxh5 Nxh5 34.
Kh2 Rc8 35. Qxc8+ Bxc8 36. Rxc8+ Kh7 37. Bxe4+ g6 38. Bg2 Qe5+ 39. Kg1 Qa1+ 40.
Bf1 Nf6 41. Rc7 Kg7 42. Rd4 Qxa2 43. Bc4 Qb1+ 44. Kg2 Qf5 45. Rxf7+ Kh6 46.
Rh4+ Kg5 47. Rf4 1-0

[Event "XLVI C.to Italiano a squadre Master"]
[Site "Condino ITA"]
[Date "2014.05.02"]
[Round "5"]
[White "Paltrinieri, Nicholas"]
[Black "Mocchi, Tullio"]
[WhiteElo "2215"]
[BlackElo "2223"]
[Result "1-0"]
[PlyCount "63"]
[EventDate "2014.04.30"]

1. d4 Nf6 2. Bg5 d5 3. Bxf6 gxf6 4. c4 dxc4 5. e3 c5 6. Bxc4 e6 7. Ne2 cxd4 8.
exd4 Nd7 9. Nbc3 Nb6 10. Bb3 Bd6 11. O-O O-O 12. f4 Kh8 13. Qd3 f5 14. Rad1 Bd7
15. d5 Bc5+ 16. Kh1 Qf6 17. Ng3 Rg8 18. Rd2 Rad8 19. Nce4 fxe4 20. Nxe4 Qg7 21.
Nxc5 Bc6 22. Rf3 Nxd5 23. Rg3 Qf6 24. Bc2 Rg6 25. Ne4 Qxf4 26. Rf2 Rxg3 27.
Nxg3 Qh6 28. Rxf7 Kg8 29. Rxh7 Qg5 30. h4 Nf4 31. Qc3 Bxg2+ 32. Kh2 1-0

[Event "XLVI C.to Italiano a squadre Master"]
[Site "Condino ITA"]
[Date "2014.05.02"]
[Round "5"]
[White "Piscopo, Pierluigi"]
[Black "Amato, Andrea"]
[WhiteElo "2409"]
[BlackElo "2345"]
[Result "1/2-1/2"]
[PlyCount "144"]
[EventDate "2014.04.30"]

1. Nf3 c5 2. e4 e6 3. c3 Nf6 4. e5 Nd5 5. g3 d6 6. exd6 Bxd6 7. Bg2 O-O 8. O-O
Nc6 9. d4 cxd4 10. Nxd4 Nxd4 11. Qxd4 Qc7 12. Nd2 Bc5 13. Qd3 Rd8 14. Qe2 Bd7
15. Ne4 Be7 16. c4 Nb4 17. Be3 Rac8 18. a3 Na6 19. Rac1 Bc6 20. b4 b6 21. c5 b5
22. Nc3 Bxg2 23. Kxg2 Qc6+ 24. Qf3 Qxf3+ 25. Kxf3 Nc7 26. Rfd1 a6 27. Bf4 Ne8
28. g4 f6 29. Bg3 Kf7 30. a4 bxa4 31. Nxa4 e5 32. Nb6 Rxd1 33. Rxd1 Rd8 34.
Rxd8 Bxd8 35. Nc4 Ke6 36. Ke4 g6 37. Kd3 Nc7 38. Na5 Kd5 39. f3 Ne6 40. Nc4 a5
41. bxa5 Nxc5+ 42. Kc3 Bc7 43. Bf2 Kc6 44. Bxc5 Kxc5 45. a6 Bb8 46. Kd3 Kd5 47.
Nb6+ Kc6 48. Nc8 Bc7 49. a7 Kb7 50. Ke4 f5+ 51. Ke3 fxg4 52. fxg4 Bd8 53. Ke4
h5 54. h3 hxg4 55. hxg4 Ba5 56. Ne7 g5 57. Nc6 Bd2 58. Kxe5 Bf4+ 59. Kf5 Bc1
60. Kf6 Be3 61. Ke6 Bc1 62. Kf5 Be3 63. Ne5 Kxa7 64. Nf3 Kb7 65. Nxg5 Kc8 66.
Ne6 Kd7 67. Nf4 Ke8 68. g5 Bxf4 69. Kxf4 Kf7 70. Kf5 Kg7 71. g6 Kg8 72. Kf6 Kf8
1/2-1/2

[Event "XLVI C.to Italiano a squadre Master"]
[Site "Condino ITA"]
[Date "2014.05.02"]
[Round "5"]
[White "Rombaldoni, Denis"]
[Black "Dvirnyy, Danyyil"]
[WhiteElo "2485"]
[BlackElo "2560"]
[Result "1/2-1/2"]
[PlyCount "91"]
[EventDate "2014.04.30"]

1. d4 Nf6 2. Bg5 e6 3. Nd2 c5 4. e4 cxd4 5. Ngf3 d6 6. Nxd4 Be7 7. Bd3 O-O 8.
Qe2 e5 9. Nb5 a6 10. Nc3 Nc6 11. Nc4 Bg4 12. Qd2 Rc8 13. Ne3 Be6 14. Qd1 Ne8
15. Bxe7 Nxe7 16. O-O Nf6 17. Qe2 Re8 18. Bc4 Bxc4 19. Nxc4 b5 20. Ne3 b4 21.
Ncd5 Nexd5 22. exd5 Qb6 23. a3 bxa3 24. Rxa3 Qxb2 25. Rxa6 Qb4 26. Rfa1 g6 27.
R1a4 Qb1+ 28. Qf1 Qxf1+ 29. Kxf1 Red8 30. Ke2 Kf8 31. f3 Rc7 32. Ra8 Ke7 33.
Rxd8 Kxd8 34. g4 h6 35. Kd2 Rc5 36. c4 Rc7 37. h3 Nd7 38. Ra6 Ke7 39. Kc2 Nc5
40. Ra8 Rb7 41. Nf1 Rb3 42. Nd2 Re3 43. Ra7+ Ke8 44. Ra8+ Ke7 45. Ra7+ Ke8 46.
Ra8+ 1/2-1/2

[Event "XLVI C.to Italiano a squadre Master"]
[Site "Condino ITA"]
[Date "2014.05.02"]
[Round "5"]
[White "Schacher, Gerd"]
[Black "Caprio, Guido"]
[WhiteElo "2358"]
[BlackElo "2426"]
[Result "1/2-1/2"]
[PlyCount "67"]
[EventDate "2014.04.30"]

1. Nf3 Nf6 2. c4 b6 3. g3 Bb7 4. Bg2 g6 5. O-O Bg7 6. Nc3 c5 7. d4 Ne4 8. Nxe4
Bxe4 9. d5 b5 10. Nd2 Bxg2 11. Kxg2 O-O 12. cxb5 a6 13. bxa6 d6 14. Nc4 Nd7 15.
Bd2 Rxa6 16. e4 Qa8 17. a4 f5 18. Qc2 fxe4 19. Qxe4 Rxa4 20. Rxa4 Qxa4 21. Nxd6
Qxe4+ 22. Nxe4 Bxb2 23. Rb1 Bd4 24. Rb7 Nf6 25. Nxf6+ Rxf6 26. Be3 Rd6 27. Rxe7
Bxe3 28. fxe3 Rxd5 29. h4 Rd2+ 30. Kf3 c4 31. Rc7 Rc2 32. Kg4 Re2 33. Rxc4 Rxe3
34. Rc7 1/2-1/2

[Event "XLVI C.to Italiano a squadre Master"]
[Site "Condino ITA"]
[Date "2014.05.02"]
[Round "5"]
[White "Stella, Andrea"]
[Black "Sarno, Spartaco"]
[WhiteElo "2433"]
[BlackElo "2317"]
[Result "1-0"]
[PlyCount "67"]
[EventDate "2014.04.30"]

1. Nf3 d6 2. d4 Nf6 3. g3 g6 4. Bg2 Bg7 5. O-O O-O 6. c4 Nc6 7. Nc3 e5 8. d5
Ne7 9. e4 Nd7 10. Ne1 f5 11. Nd3 Kh8 12. Bd2 Ng8 13. f4 exf4 14. Bxf4 Ne5 15.
Bxe5 dxe5 16. Qe2 f4 17. gxf4 exf4 18. e5 g5 19. e6 Bd4+ 20. Kh1 Rf6 21. Qe4 c5
22. Nb5 Be3 23. Ne5 Qe7 24. Ng4 a6 25. Nxe3 axb5 26. Ng4 bxc4 27. Nxf6 Nxf6 28.
Qe5 h6 29. Rae1 Ra6 30. h4 Kg8 31. hxg5 Nh5 32. gxh6 Ng3+ 33. Kg1 Nxf1 34. Rxf1
1-0

[Event "XLVI C.to Italiano a squadre Master"]
[Site "Condino ITA"]
[Date "2014.05.02"]
[Round "5"]
[White "Vocaturo, Daniele"]
[Black "Rombaldoni, Axel"]
[WhiteElo "2579"]
[BlackElo "2513"]
[Result "1-0"]
[PlyCount "95"]
[EventDate "2014.04.30"]

1. e4 e6 2. d4 d5 3. Nc3 Nf6 4. e5 Nfd7 5. f4 c5 6. Nf3 Nc6 7. Be3 Be7 8. Qd2
O-O 9. a3 b6 10. g3 Kh8 11. h4 f6 12. exf6 Nxf6 13. O-O-O Ne4 14. Nxe4 dxe4 15.
Bb5 Na5 16. Ne5 c4 17. h5 Bf6 18. Ng6+ Kg8 19. Nxf8 Qxf8 20. Qc3 Bb7 21. Bxc4
Bd5 22. Ba6 Qd8 23. Kb1 Be7 24. Bc1 b5 25. Bxb5 Rc8 26. Qe3 Qb6 27. Bf1 Qc6 28.
Rh2 Qa4 29. g4 Rb8 30. Rh3 Nb3 31. cxb3 Rxb3 32. Qe1 Rxh3 33. Bxh3 Qb3 34. Bf1
Bxa3 35. Qe3 Qa2+ 36. Kc2 Bb4 37. f5 a5 38. Qg3 h6 39. fxe6 Kh7 40. Rd3 Qa4+
41. Rb3 Bd6 42. Qc3 Bb4 43. Qe3 Qc6+ 44. Kb1 Qxe6 45. Rc3 Bxc3 46. bxc3 Qxg4
47. c4 Bf7 48. Be2 1-0

[Event "XLVI C.to Italiano a squadre Master"]
[Site "Condino ITA"]
[Date "2014.05.03"]
[Round "6"]
[White "Arlandi, Ennio"]
[Black "Rossi, Carlo"]
[WhiteElo "2430"]
[BlackElo "2282"]
[Result "1-0"]
[PlyCount "75"]
[EventDate "2014.04.30"]

1. d4 Nf6 2. c4 c5 3. d5 e5 4. Nc3 d6 5. e4 g6 6. Be2 Bg7 7. h4 b5 8. cxb5 a6
9. h5 gxh5 10. bxa6 Nxa6 11. Bb5+ Kf8 12. Nge2 Qa5 13. Ng3 Rb8 14. Qe2 Nb4 15.
Kf1 Rxb5 16. Nxb5 Ba6 17. a4 Nc2 18. Qxc2 Bxb5+ 19. Ne2 Qa6 20. f3 Bd3 21. Qd1
Ke7 22. Kf2 Rb8 23. Ng3 c4 24. Qd2 Qa7+ 25. Ke1 Ke8 26. Qg5 Bf8 27. Be3 Qb7 28.
Qxf6 Qxb2 29. Rd1 Be7 30. Qh8+ Kd7 31. Qxh7 h4 32. Rd2 hxg3 33. Rxb2 Rxb2 34.
Qf5+ Kc7 35. Rh8 Rb1+ 36. Kd2 Rb2+ 37. Kd1 Rb1+ 38. Bc1 1-0